| 000 | 01159nam a22002297a 4500 | ||
|---|---|---|---|
| 005 | 20210325205641.0 | ||
| 008 | s2552 th tha d | ||
| 020 | _a9786167070025 | ||
| 041 | _atha | ||
| 050 | _aHN700.55.A8 ส743ล 2552 | ||
| 100 | 0 | _aก้าน จันทร์พรหมา | |
| 245 | 1 | 0 | _aลุ่มน้ำปากพนัง จากความขัดแย้งสู่ความสมานฉันท์ |
| 260 | 3 |
_aกรุงเทพฯ : _bอมรินทร์พริ้นติ้งแอนด์พับลิชชิ่ง, _c2552 |
|
| 300 |
_a116 หน้า : _b ภาพประกอบ ; _c 21 ซม. |
||
| 650 | 0 | 4 | _aความขัดแย้งทางสังคม -- ไทย -- ลุ่มน้ำปากผนัง |
| 650 | 0 | 4 | _aลุ่มน้ำปากผนัง -- ภาวะสังคม |
| 850 | _aNALT | ||
| 942 | _cGB | ||
| 997 | _a39293 ฉ.1 / 39294 ฉ.2 | ||
| 997 | _c000000000064041 | ||
| 998 | _aนางสาวจำเรียง ประสงค์ดี | ||
| 999 |
_c64041 _d64041 |
||